Las universidades públicas: equidad en la educación superior chilena?
I tiakina i:
| Kaituhi matua: | |
|---|---|
| Hōputu: | Pukapuka |
| Reo: | Pāniora |
| I whakaputaina: |
Santiago
Lom
2001
|
| Rangatū: | Colección Sin Norte
|
| Ngā marau: | |
| Ngā Tūtohu: |
Tāpirihia he Tūtohu
Kāore He Tūtohu, Me noho koe te mea tuatahi ki te tūtohu i tēnei pūkete!
|
MARC
| LEADER | 00000nam a2200000 a 4500 | ||
|---|---|---|---|
| 001 | UCM8777 | ||
| 003 | CL-VaPUC | ||
| 005 | 20240709090652.0 | ||
| 008 | 030328e20010100cl 1 spa d | ||
| 020 | |a 9562823377 | ||
| 082 | 0 | 4 | |a 379.118 |b SAM |2 21 |
| 100 | 1 | |a Samaniego M., Augusto |e author |9 620289 | |
| 245 | 1 | 4 | |a Las universidades públicas: equidad en la educación superior chilena? |
| 260 | |a Santiago |b Lom |c 2001 | ||
| 300 | |a 193 p | ||
| 490 | 0 | |a Colección Sin Norte | |
| 583 | |a last modification |c 20190822 01:36:36 |k Rodrigo Vera | ||
| 650 | 0 | 0 | |a Universidades estatales |9 457671 |
| 650 | 0 | 7 | |a UNIVERSIDADES CHILENAS - FINANZAS |2 CL-VaPUC |9 620290 |
| 942 | |c BK | ||
| 945 | |a vberengu |d 20030328 00:00:00 | ||
| 546 | |a En Español | ||
| 536 | |a Federación de Académicos de las Universidades Estatales | ||
| 536 | |a FAUECH | ||
| 518 | |p Las Universidades del Estado de Chile hoy... ¿y mañana?, 1, Santiago, 8-9 de junio 2000 | ||
| 999 | |c 383855 |d 383853 | ||
| 952 | |0 0 |1 0 |4 0 |6 379_118000000000000_SAM_2001 |7 0 |8 A |9 506149 |a BIBGIM |b BIBGIM |d 2020-01-23 |i 388600K |o 379.118 SAM 2001 |p 388600K |r 2025-01-15 |w 2020-01-23 |y BK |k GIM | ||